| Tag |
First Indicator |
Second Indicator |
Subfields |
| LEADER |
00000cas a22000007a 4500 |
| 001 |
in00002202521 |
| 005 |
20151104101554.0 |
| 006 |
m d |
| 007 |
cr cnu-------- |
| 008 |
040114d19982000nyutx pss 0 a0eng d |
| 010 |
|
|
|a 2006213310
|
| 019 |
|
|
|a 60648879
|
| 022 |
0 |
|
|a 1931-1435
|y 1931-1745
|2 1
|
| 035 |
|
|
|a (OCoLC)ocm54026401
|
| 037 |
|
|
|b ACM Member Services, P.O.Box 11414, New York, NY 10286-1414
|
| 040 |
|
|
|a FHM
|c FHM
|d OCLCQ
|d NSD
|d OCLCQ
|d TXA
|d UtOrBLW
|
| 042 |
|
|
|a lcd
|a nsdp
|
| 049 |
|
|
|a TXAM
|
| 050 |
1 |
4 |
|a QA76.76.H94
|b S53 Electronic
|
| 082 |
1 |
0 |
|a 005
|2 13
|
| 222 |
|
0 |
|a ACM SIGWEB newsletter
|
| 245 |
0 |
0 |
|a ACM SIGWEB newsletter.
|
| 246 |
3 |
0 |
|a SIGWEB newsletter
|
| 246 |
1 |
3 |
|a ACM SIGWEB
|
| 246 |
1 |
3 |
|a SIGWEB
|
| 264 |
|
1 |
|a [New York, N.Y.] :
|b Association for Computing Machinery,
|c 1998-2000.
|
| 336 |
|
|
|a text
|b txt
|2 rdacontent
|
| 337 |
|
|
|a computer
|b c
|2 rdamedia
|
| 338 |
|
|
|a online resource
|b cr
|2 rdacarrier
|
| 362 |
0 |
|
|a Vol. 7, issue 3 (Oct. 1998)-v. 9, issue 2/3 (June/Oct. 2000).
|
| 500 |
|
|
|a Title from caption (ACM Digital Library viewed on Mar. 30, 2006).
|
| 500 |
|
|
|a Website also contains issues for previous title.
|
| 500 |
|
|
|a Latest issue consulted: Volume 9, issue 2/3 (June/Oct. 2000) (ACM Digital Library viewed on Mar. 30, 2006).
|
| 530 |
|
|
|a Also issued in print.
|
| 538 |
|
|
|a Mode of access: World Wide Web.
|
| 550 |
|
|
|a Newsletter of the Special Interest Group on Hypertext (1992- ), the Special Interest Group on Hypertext and Hypermedia (19 -19), and the Special Interest Group on Hypertext, Hypermedia and Web (19 -2000) of the Association of Computing Machinery.
|
| 500 |
|
|
|a Electronic resource.
|
| 650 |
|
0 |
|a Hypertext systems
|v Periodicals.
|
| 650 |
|
0 |
|a Interactive multimedia
|v Periodicals.
|
| 650 |
|
0 |
|a World Wide Web
|v Periodicals.
|
| 650 |
|
6 |
|a Hypertexte
|v Périodiques.
|
| 650 |
|
6 |
|a Multimédias interactifs
|v Périodiques.
|
| 650 |
|
6 |
|a Web
|v Périodiques.
|
| 710 |
2 |
|
|a Association for Computing Machinery.
|b Special Interest Group on Hypertext.
|
| 710 |
2 |
|
|a Association for Computing Machinery.
|b Special Interest Group on Hypertext and Hypermedia.
|
| 710 |
2 |
|
|a Association for Computing Machinery.
|b Special Interest Group on Hypertext, Hypermedia and Web.
|
| 776 |
1 |
|
|a SIGWEB newsletter
|x 1931-1745
|w (DLC)sn 99038085
|w (OCoLC)40938857
|
| 780 |
0 |
0 |
|a SIGLINK newsletter (Online)
|
| 948 |
|
|
|a cataloged
|b h
|c 2006/12/6
|d c
|e pbump
|
| 994 |
|
|
|a C0
|b TXA
|
| 999 |
|
|
|a MARS
|
| 999 |
f |
f |
|s 2340453c-b09b-373a-8987-8088b628e8ae
|i 86580d79-d8dc-3873-a12a-0060790d244b
|t 0
|
| 952 |
f |
f |
|a Texas A&M University
|b College Station
|c Electronic Resources
|d Available Online
|t 0
|e QA76.76.H94 S53
|g Electronic
|h Library of Congress classification
|
| 998 |
f |
f |
|a QA76.76.H94 S53
|t 0
|l Available Online
|